The Mosses of Southern Australia
Gardado en:
| Autor Principal: | |
|---|---|
| Outros autores: | |
| Formato: | Libro |
| Idioma: | inglés |
| Publicado: |
London, England, United Kingdom
Academic Press
1976
|
| Subjects: | |
| Tags: |
Engadir etiqueta
Sen Etiquetas, Sexa o primeiro en etiquetar este rexistro!
|
MARC
| LEADER | 00000nam a2200000 a 4500 | ||
|---|---|---|---|
| 001 | UCT3397 | ||
| 003 | CL-VaPUC | ||
| 005 | 20250225092637.0 | ||
| 008 | 961024e19760000UK |||||||||||||||||eng|d | ||
| 999 | |c 325739 |d 325737 | ||
| 040 | |c Pontificia Universidad Católica de Valparaíso | ||
| 082 | 0 | 4 | |a 581.9 SCO 1976 |2 21 |
| 100 | 0 | |a Scott, George A |9 520839 | |
| 245 | 1 | 4 | |a The Mosses of Southern Australia |
| 260 | 0 | 3 | |a London, England, United Kingdom |b Academic Press |c 1976 |
| 300 | |a 495 páginas | ||
| 583 | |a last modification |c 19961024 00:00:00 |k Rodrigo Vera | ||
| 650 | 0 | |a Botánica |9 264202 | |
| 650 | 0 | |a Plantas |9 264555 | |
| 650 | 0 | |a Recursos vegetales |9 356886 | |
| 650 | 0 | |a Ecología vegetal |9 264247 | |
| 650 | 0 | |a Paleontología |9 314794 | |
| 651 | 0 | |a Australia |9 262077 | |
| 700 | 0 | |a Stone, Ilma G |9 520840 | |
| 942 | |c BK |2 ddc | ||
| 945 | |d 19961024 00:00:00 |a cmena | ||
| 952 | |0 0 |1 0 |2 ddc |4 0 |6 581_900000000000000_SCO_1976 |7 0 |8 A |9 407014 |a BIBCUR |b BIBCUR |d 2019-11-22 |i 1772058 |o 581.9 SCO 1976 |p 1772058 |r 2025-04-22 |t 1 |w 2019-11-22 |y BK |k BIO | ||